| 000 | 00511nam a22001811a 4500 | ||
|---|---|---|---|
| 003 | NEGST | ||
| 005 | 20110718131909.0 | ||
| 008 | 030714s1971 001 0 eng d | ||
| 020 | _a0300001630 | ||
| 100 | 1 | _aMartin, Jacques. | |
| 245 | 1 | 0 |
_aEducation at the crossroads / _cJacques Martin. _h[Text] |
| 260 |
_aNew Haven, London _bYale University Press Inc. _c1971 |
||
| 300 | _a118p. | ||
| 500 | _aIncludes indexes. | ||
| 590 | _aAccession number: 20476 | ||
| 650 | 0 |
_aEducation _xPhilosophy. |
|
| 999 |
_c35156 _d35156 |
||